Cults - High Road - Lyrics - Statistics

General Stats
  • This quiz has been taken 3 times
  • The average score is 50 of 256
Answer Stats
Answer % Correct
I
100%
You
100%
A
50%
But
50%
Guess
50%
Haunting
50%
High
50%
House
50%
Just
50%
Knows
50%
Low
50%
No
50%
On
50%
One
50%
Really
50%
Road
50%
Take
50%
The
50%
To
50%
Too
50%
Took
50%
Whose
50%
Your
50%
All
0%
And
0%
Are
0%
Aren't
0%
At
0%
Back
0%
Ball
0%
Be
0%
Bend
0%
Big
0%
Black
0%
Both
0%
Call
0%
Can
0%
Can't
0%
'Cause
0%
Crowded
0%
Days
0%
Every
0%
Far
0%
Feeling
0%
Figured
0%
For
0%
Free
0%
From
0%
Glow
0%
Go
0%
Got
0%
Have
0%
Here,
0%
Home
0%
If
0%
I'm
0%
In
0%
Instead
0%
Is
0%
It
0%
It's
0%
Keeping
0%
Lack
0%
Late
0%
Leave
0%
Long
0%
Maybe
0%
Me
0%
My
0%
Mystery
0%
Night's
0%
Now
0%
Of
0%
Only
0%
Our
0%
Out
0%
Own
0%
Pick
0%
Places
0%
Quiet
0%
'Round
0%
Running
0%
See
0%
Should've
0%
Show
0%
Sick
0%
Small
0%
Something
0%
Spinning
0%
Star
0%
Such
0%
That
0%
That's
0%
These
0%
Things
0%
Thinking
0%
Time
0%
Tonight's
0%
Torn
0%
Turned
0%
Up
0%
Waiting
0%
Want
0%
Wanting
0%
Way
0%
We
0%
We're
0%
We've
0%
What
0%
World
0%
World's
0%
You're
0%
No matching quizzes found
Score Distribution
Percent of People with Each Score
Percentile by Number Answered
Your Score History
You have not taken this quiz